000 01017nam0a2200301 4500
001 RU\NLR\BIBL_A\012219861
005 20250623231149.0
035 _a(NLR Aleph) 012219861
090 _a10927638
_c10927638
100 _a20200214d1934 |||y0rusy50 ca
101 1 _arus
_clav
102 _aRU
105 _ay z 000ay
181 0 _ai
_baxxe
182 0 _an
200 1 _aТобаго
_eроман
_fАлександр Грин
_gперевод с латышского Я. Судрабкална
203 _aТекст
_bвизуальный
_cнепосредственный
210 _aРига
_cиздание М. Дидковского
_d[1934]
215 _a288 с.
_d20
686 0 _aШ6(2=Лат)7-4
700 1 _7ca
_8rus
_aГринс
_bА.
_f1895-1941
_gАлександрс
_9216109
_3RU\NLR\AUTH\770216165
852 _aNLR
_jЛ30 Г-3/599
942 _cBOOK
980 _aNB